[Event "Gonzaga Classic Masters 2020"]
[Site "Dublin/"]
[Date "2020.01.26"]
[Round "5.16"]
[White "Rush, Stephen"]
[Black "Boland, Dylan"]
[Result "1/2-1/2"]
[WhiteElo "1987"]
[BlackElo "1836"]
[Annotator "NA"]
[PlyCount "88"]
[EventDate "2020.01.24"]
[EventType "swiss"]
[EventCountry "IRL"]
[SourceTitle "playchess.com"]
[Source "ChessBase"]
[SourceQuality "1"]
[TimeControl "5400+30"]

1. d4 {[%emt 0:00:00]} Nf6 {[%emt 0:00:00]} 2. c4 {[%emt 0:00:00]} e6 {[%emt 0:00:00]} 3. Nc3 {[%emt 0:00:00]} d5 {[%emt 0:00:00]} 4. cxd5 {[%emt 0:00:01]} exd5 {[%emt 0:00:05]} 5. Bg5 {[%emt 0:00:07]} c6 {[%emt 0:00:33]} 6. e3 {[%emt 0:00:09]} Be7 {[%emt 0:00:19]} 7. Bd3 {[%emt 0:00:13]} h6 {[%emt 0:02:15]} 8. Bh4 {[%emt 0:00:14]} O-O {[%emt 0:01:32]} 9. Qc2 {[%emt 0:00:21]} Re8 {[%emt 0:00:42]} 10. Nf3 {[%emt 0:00:42]} Be6 {[%emt 0:01:24]} 11. O-O {[%emt 0:02:08]} Nbd7 {[%emt 0:00:10]} 12. Rab1 {[%emt 0:03:06]} Bd6 {[%emt 0:00:56]} 13. b4 {[%emt 0:00:31]} Rc8 {[%emt 0:00:17]} 14. Rfc1 {[%emt 0:00:40]} Qc7 {[%emt 0:20:15]} 15. b5 {[%emt 0:19:28]} c5 {[%emt 0:12:49]} 16. dxc5 {[%emt 0:00:13]} Bxc5 {[%emt 0:13:47]} 17. Qb2 {[%emt 0:18:48]} Qd6 {[%emt 0:05:12]} 18. Bg3 {[%emt 0:02:57]} Qe7 {[%emt 0:00:18]} 19. Qd2 {[%emt 0:07:34]} Bb4 {[%emt 0:06:07]} 20. Nd4 {[%emt 0:00:21]} Ba3 {[%emt 0:11:48]} 21. Rc2 {[%emt 0:00:29]} Nb6 {[%emt 0:02:05]} 22. Nxe6 {[%emt 0:06:02]} fxe6 {[%emt 0:04:44]} 23. Ne2 {[%emt 0:01:29]} Rxc2 {[%emt 0:01:12]} 24. Qxc2 {[%emt 0:00:19]} Rc8 {[%emt 0:04:25]} 25. Qd1 {[%emt 0:00:57]} Nc4 {[%emt 0:06:28]} 26. Bxc4 {[%emt 0:00:29]} Rxc4 {[%emt 0:00:07]} 27. Nd4 {[%emt 0:01:43]} Ne4 {[%emt 0:02:34]} 28. Qg4 {[%emt 0:00:38]} Nxg3 {[%emt 0:02:53]} 29. Qxg3 {[%emt 0:00:06]} Bd6 {[%emt 0:01:00]} 30. Qg6 {[%emt 0:00:08]} Rxd4 {[%emt 0:00:31]} 31. exd4 {[%emt 0:00:11]} Qf6 {[%emt 0:00:27]} 32. Qxf6 {[%emt 0:00:34]} gxf6 {[%emt 0:00:01]} 33. Rc1 {[%emt 0:00:32]} e5 {[%emt 0:00:27]} 34. Rc8+ {[%emt 0:01:29]} Kf7 {[%emt 0:00:04]} 35. Rh8 {[%emt 0:00:04]} Bf8 {[%emt 0:01:29]} 36. dxe5 {[%emt 0:05:46]} fxe5 {[%emt 0:01:04]} 37. f4 e4 38. Kf2 {[%emt 0:30:31]} Kg7 {[%emt 0:01:00]} 39. Rxf8 Kxf8 40. Ke3 {[%emt 0:01:00]} Kf7 {[%emt 0:01:00]} 41. Kd4 {[%emt 0:00:30]} Kf6 42. a4 {[%emt 0:00:30]} b6 43. g3 {[%emt 0:00:30]} h5 44. Ke3 {[%emt 0:00:30]} Kf5 1/2-1/2

[Event "Gonzaga Classic Masters 2020"]
[Site "Dublin/"]
[Date "2020.01.26"]
[Round "5.17"]
[White "Cafolla, Peter"]
[Black "Putar, Leon"]
[Result "0-1"]
[WhiteElo "1915"]
[BlackElo "1845"]
[Annotator "NA"]
[PlyCount "114"]
[EventDate "2020.01.24"]
[EventType "swiss"]
[EventCountry "IRL"]
[SourceTitle "playchess.com"]
[Source "ChessBase"]
[SourceQuality "1"]
[TimeControl "5400+30"]

1. e4 {[%emt 0:00:00]} e6 {[%emt 0:00:00]} 2. d4 {[%emt 0:00:00]} d5 {[%emt 0:00:00]} 3. e5 {[%emt 0:00:00]} c5 {[%emt 0:00:00]} 4. c3 {[%emt 0:00:00]} Nc6 {[%emt 0:00:00]} 5. Nf3 {[%emt 0:00:00]} Qb6 {[%emt 0:00:02]} 6. a3 {[%emt 0:00:00]} c4 {[%emt 0:00:06]} 7. Nbd2 {[%emt 0:00:06]} Na5 {[%emt 0:00:17]} 8. Rb1 {[%emt 0:05:42]} Bd7 {[%emt 0:01:44]} 9. Be2 {[%emt 0:00:53]} Ne7 {[%emt 0:01:19]} 10. b4 {[%emt 0:01:19]} cxb3 {[%emt 0:00:35]} 11. Nxb3 {[%emt 0:01:55]} Ba4 {[%emt 0:01:26]} 12. Nxa5 {[%emt 0:00:26]} Qxa5 {[%emt 0:07:24]} 13. Qxa4+ {[%emt 1:26:09]} Qxa4 {[%emt 0:00:27]} 14. Bb5+ {[%emt 0:00:00]} Qxb5 {[%emt 0:00:09]} 15. Rxb5 {[%emt 0:00:00]} b6 {[%emt 0:00:19]} 16. Ke2 {[%emt 0:00:00]} Rc8 {[%emt 0:01:36]} 17. Bd2 {[%emt 0:00:00]} Nc6 {[%emt 0:00:10]} 18. Ra1 {[%emt 0:00:00]} Na5 {[%emt 0:00:40]} 19. a4 {[%emt 0:00:00]} Be7 {[%emt 0:03:36]} 20. Kd3 {[%emt 0:00:00]} Kd7 {[%emt 0:00:29]} 21. Bc1 {[%emt 0:00:00]} Rc6 {[%emt 0:00:33]} 22. Ng1 {[%emt 0:00:00]} Rhc8 {[%emt 0:00:23]} 23. Ne2 {[%emt 0:00:00]} Rc4 {[%emt 0:00:19]} 24. Rbb1 {[%emt 0:00:00]} f6 {[%emt 0:01:15]} 25. f4 {[%emt 0:00:00]} fxe5 {[%emt 0:01:30]} 26. fxe5 {[%emt 0:00:00]} Rf8 {[%emt 0:01:07]} 27. Be3 {[%emt 0:00:00]} h6 {[%emt 0:01:56]} 28. Rf1 {[%emt 0:00:00]} Rxa4 {[%emt 0:01:07]} 29. Rxf8 {[%emt 0:00:00]} Rxa1 {[%emt 0:00:02]} 30. Rg8 {[%emt 0:00:00]} Nc4 {[%emt 0:00:18]} 31. Bc1 {[%emt 0:00:00]} a5 {[%emt 0:02:58]} 32. Rxg7 {[%emt 0:00:00]} a4 {[%emt 0:00:05]} 33. Bxh6 {[%emt 0:00:00]} a3 {[%emt 0:00:50]} 34. Bg5 {[%emt 0:00:00]} a2 {[%emt 0:00:30]} 35. Rxe7+ {[%emt 0:00:00]} Kc6 {[%emt 0:00:04]} 36. Ra7 {[%emt 0:00:00]} Na5 {[%emt 0:00:25]} 37. Nf4 {[%emt 0:00:00]} Rd1+ {[%emt 0:00:25]} 38. Ke2 {[%emt 0:00:00]} a1=Q {[%emt 1:14:54]} 39. Nxe6 {[%emt 0:13:00]} Re1+ {[%emt 0:00:00]} 40. Kf2 {[%emt 0:00:00]} Rf1+ {[%emt 0:00:00]} 41. Kg3 {[%emt 0:00:00]} Qxc3+ {[%emt 0:00:00]} 42. Kg4 {[%emt 0:00:00]} Nb7 {[%emt 0:00:00]} 43. Ra8 {[%emt 0:00:00]} Kb5 {[%emt 0:00:00]} 44. Rb8 {[%emt 0:00:00]} Qc2 {[%emt 0:00:00]} 45. Nf4 {[%emt 0:00:00]} Qd1+ {[%emt 0:00:00]} 46. Kg3 {[%emt 0:00:00]} Qxd4 {[%emt 0:00:00]} 47. Rxb7 {[%emt 0:00:00]} Qxe5 {[%emt 0:00:00]} 48. h4 {[%emt 0:00:00]} d4 {[%emt 0:00:00]} 49. Re7 {[%emt 0:00:00]} Qd6 {[%emt 0:00:00]} 50. Re6 {[%emt 0:00:00]} Qa3+ {[%emt 0:00:00]} 51. Kh2 {[%emt 0:00:00]} Qf8 {[%emt 0:00:00]} 52. Re5+ {[%emt 0:00:00]} Ka6 {[%emt 0:00:00]} 53. g3 {[%emt 0:00:00]} Qa3 {[%emt 0:00:00]} 54. Re2 {[%emt 0:00:00]} Qc1 {[%emt 0:00:00]} 55. Kg2 {[%emt 0:00:00]} Rg1+ {[%emt 0:00:00]} 56. Kf3 {[%emt 0:00:00]} Qc3+ {[%emt 0:00:00]} 57. Ke4 {[%emt 0:00:00]} Re1 {[%emt 0:00:00]} 0-1